Ciudadano N. Crónicas de la diversidad

محفوظ في:
التفاصيل البيبلوغرافية
المؤلف الرئيسي: Reguillo Cruz, Rossana
مؤلف مشترك: Instituto Tecnológico y de Estudios Superiores de Occidente
التنسيق: نص
منشور في: Guadalajara: ITESO
الموضوعات:
الوسوم: إضافة وسم
لا توجد وسوم, كن أول من يضع وسما على هذه التسجيلة!

MARC

LEADER 00000 a a2200000 04500
001 29009
003
040
020 |a 968-5087-10-5  
090 |a 191101  
100 |a Reguillo Cruz, Rossana  
110 |a Instituto Tecnológico y de Estudios Superiores de Occidente  
245 |a Ciudadano N. Crónicas de la diversidad  
260 |a Guadalajara:   |b ITESO  
300 |a 194 p  
650 |a VIDA COTIDIANA  
650 |a JUVENTUD URBANA  
999 |c 5954  |d 5954